MATHEMATICS FOR COST ACCOUNTANTS (Record no. 58901)

MARC details
000 -LEADER
fixed length control field 00457nam a2200181Ia 4500
008 - FIXED-LENGTH DATA ELEMENTS--GENERAL INFORMATION
fixed length control field 090123s9999 xx 000 0 und d
082 ## - DEWEY DECIMAL CLASSIFICATION NUMBER
Item number 20829
100 ## - MAIN ENTRY--PERSONAL NAME
Personal name VISHWANATH
245 ## - TITLE STATEMENT
Title MATHEMATICS FOR COST ACCOUNTANTS
250 ## - EDITION STATEMENT
Edition statement 4
260 ## - PUBLICATION, DISTRIBUTION, ETC. (IMPRINT)
Name of publisher, distributor, etc SULTAN CHAND-SONS
Date of publication, distribution, etc 1981
300 ## - PHYSICAL DESCRIPTION
Extent 366
600 ## - SUBJECT ADDED ENTRY--PERSONAL NAME
Personal name VISHWANATH
630 ## - SUBJECT ADDED ENTRY--UNIFORM TITLE
Uniform title MATHEMATICS FOR COST ACCOUNTANTS
700 ## - ADDED ENTRY--PERSONAL NAME
Personal name VISHWANATH
730 ## - ADDED ENTRY--UNIFORM TITLE
Uniform title MATHEMATICS FOR COST ACCOUNTANTS
942 ## - ADDED ENTRY ELEMENTS (KOHA)
Koha item type Book
Holdings
Withdrawn status Lost status Damaged status Not for loan Home library Current library Date acquired Cost, normal purchase price Total Checkouts Full call number Barcode Date last seen Cost, replacement price Price effective from Koha item type
        Jawahar Wachalanalaya, Kalwa Jawahar Wachalanalaya, Kalwa 03/31/2002 15.00   20829 KLW-20829 01/23/2009 15.00 01/23/2009 Book